000 00298nam a22001337a 4500
008 170413b xxu||||| |||| 00| 0 eng d
020 _a9781581100563
041 _aeng
080 _a618
100 _a10
101 _aSHM
245 _aNEOTABNAL RESUCITATION
_cKATTWINKEL.J
942 _2udc
_cBK
999 _c10626
_d10626